000 00474nam a2200145Ia 4500
008 231129s2009||||xx |||||||||||||| ||spa||
020 _a978-958-8306-48-3
040 _bspa
082 _aR 769.4 R896g
100 _aRubiano Caballero Germán
245 0 _aGrabados antiguos de la Pontificia Universidad Javeriana: colección Eduardo Ospina S.J.
260 _c2009
264 _aBogotá Colombia : Villegas Editores
942 _2ddc
_cBKS
999 _c14567
_d14567